000 02068 a2200217 4500
003 BJBSDDR
005 20260421114554.0
007 ta
008 210426t2025 nyu 00| 0 eng d
020 _a9781761632600
040 _beng
_cBJBSDDR
041 _aspa
050 _bB414m 2025
100 1 _aBeecher, Eric,
_d1951-
_948032
245 1 4 _aThe Men Who Killed the News :
_bThe Inside Story of How Media Moguls Abused Their Power, Manipulated the Truth and Distorted Democra /
_cEric Beecher.
260 _aNew York:
_bScribner,
_c2025.
300 _a383 pages ;
_c20 cm.
520 _aReadings Best Books of 2024, Non-Fiction Nominated for the 2025 Sperber Prize Never before has the media played such an active part in our politics, with Elon Musk using X to affect world elections and direct US government policy. But as Crikey owner and ex-News Corp executive Eric Beecher shows, media moguls have a long history of abusing their power ... What's gone wrong with our media? The answer: its owners. From William Randolph Hearst to Elon Musk, from the British press barons to colonial upstarts Conrad Black and Rupert Murdoch, media proprietors have manipulated the news to accumulate wealth and influence as they meddled with democracy. Eric Beecher knows the news business from bottom to top. He has been a journalist, editor and media proprietor (of Text Media and Crikey), with the rare distinction of having both worked for and been sued (unsuccessfully) by the Murdochs. This book reveals the distorted role of the media moguls of the past two centuries: their techniques, strategies, behind-closed-doors machinations, and indulgent lifestyles. It explains how they have exploited the shield of the freedom of the press to undermine journalism - and truth. In an era of fake news, AI and misinformation, this is democracy's chillingly important story: how a small coterie of flawed and narcissistic moguls created a shadow of power that has contributed to making the media an agent of mistrust.
942 _2lcc
_cBK
_n0
946 _idpf
999 _c126861
_d126861